jours d'après (Les)
<< Retourner aux résultats de la recherche
| Auteur principal : | Patrice DUHAMEL |
|---|---|
| Autres auteurs : | Jacques Santamaria |
| Titre : | jours d'après (Les) |
| Support : | Livres |
| Langue : | Francais |
| Publié : |
2017 Les éditions de l'Observatoire PARIS cedex 14 |
| Genre : |
Documentaire |
| Sujets : |
République française
Présidence de la République |
| Étiquettes : |
Pas de tags
|
| LEADER | 01644nam0a2200241 450 | ||
|---|---|---|---|
| 001 | 16844610 | ||
| 010 | |a 979-10-329-0003-1 |d 19 | ||
| 100 | |a 20171230d2017 u u0frey01 ba | ||
| 101 | 0 | |a fre | |
| 102 | |a FR | ||
| 200 | 0 | |a jours d'après (Les) | |
| 207 | 1 | |a | |
| 210 | |a PARIS cedex 14 |c Les éditions de l'Observatoire |d 2017 | ||
| 215 | |a 1 vol. (310 p.) |c couv. ill. coul. |d 22 cm | ||
| 330 | |a "Toute vie consacrée à l'action publique se trouve bouleversée par un moment douloureux : celui où tout s'arrête. Nous avons choisi de raconter les jours d'après de vingt-trois personnalités françaises, de De Gaulle à Manuel Valls, de Giscard à Jacques Delors, de Simone Veil à Jospin, présentant chacune un cas singulier dans son rapport au pouvoir. On découvrira ainsi ceux qui le quittent définitivement, par choix ou nécessité, ceux qui sont contraints de s'en éloigner après quelque revers mais qui s'emploient à le reconquérir, ceux qui ne comprennent pas que le pouvoir les délaisse pour un temps ou pour toujours... Le défaut des hommes et des femmes politiques, y compris chez les grands fauves, est peut-être de ne pas savoir, et souvent de ne pas vouloir se préparer à ce jour où le pouvoir les quittera. Mais, au fond, n'en est-il pas ainsi de toute histoire d'amour ?" | ||
| 610 | 0 | |a République française | |
| 610 | 0 | |a Présidence de la République | |
| 676 | |a 324 | ||
| 700 | 0 | |a DUHAMEL |b Patrice |c Auteur du texte |4 70 | |
| 702 | 0 | |a Santamaria |b Jacques |4 70 | |
| 900 | |a Documentaire | ||
| 901 | |a Adultes | ||
| 995 | |a Médiathèque |c Médiathèque |f 089015746 |h 089015746 |k 324 DUH |o p |q a |r az |e Médiathèque | ||